| 000 | 00386nam a2200157Ia 4500 | ||
|---|---|---|---|
| 100 | _aRakesh Kumar/ Nagendra K | ||
| 650 | _aDifferential equations | ||
| 942 | _cBK | ||
| 366 | _f20 | ||
| 654 | _adifferential equations | ||
| 245 | _aDifferential equations and calculus of variations | ||
| 260 |
_bCBS _c2013 |
||
| 082 |
_a515 _bKUM |
||
| 300 | _a497 | ||
| 546 |
_aENGLISH _cproduction |
||
| 999 |
_c25206 _d25206 |
||